Walkie Talkie Style Names Quiz Stats

 Plays Quiz Updated Apr 11, 2019

Score 0/20 Timer 06:00
2 Plays Today
% Correct
Screamy dreamy
94.3%
Dinky drinky
93.8%
Feetie heatie
93.4%
Hearty starty
93.3%
Breastie nestie
92.6%
Spinny winny
92.3%
Stabby grabby
92%
Quicky sticky
91.9%
Blotty snotty
91.8%
Roomy tomby
91.8%
% Correct
Lookie bookie
91.7%
Wordie birdy
90.9%
Lickie stickie
90.6%
Flighty bitey
90.3%
Floatie bloatie
88.8%
Rainy drainy
88.1%
Mighty brighty
87.6%
Flashy dashy
86.7%
Fuzzy buzzy
85.5%
Saggy naggy
82.6%

You're not logged in!

Compare scores with friends on all Sporcle quizzes.
OR
Log In

Sporcle TV

Today on Sporcle TV


Watch our educational content, quiz creation guides, and fun videos on Sporcle TV.

Show Comments

Extras

Top Quizzes Today


Score Distribution

Your Account Isn't Verified!

In order to create a playlist on Sporcle, you need to verify the email address you used during registration. Go to your Sporcle Settings to finish the process.

Report this User

Report this user for behavior that violates our Community Guidelines.

Details: